Second Largest City by Country Quiz - Statistics

General Stats
  • This quiz has been taken 661 times
    641 since last reset
  • The average score is 16 of 20
Answer Stats
Country Second City % Correct
Turkey Ankara
93%
Spain Barcelona
92%
China Beijing
91%
United States Los Angeles
90%
Russia Saint Petersburg
90%
New Zealand Wellington
89%
Germany Hamburg
88%
Australia Melbourne
88%
Japan Osaka
87%
United Kingdom Birmingham
86%
Canada Montreal
84%
Vietnam Hanoi
83%
Switzerland Geneva
79%
India Delhi
78%
Morocco Rabat
77%
South Korea Busan
67%
Croatia Split
61%
Liechtenstein Vaduz
56%
Austria Graz
53%
Libya Benghazi
44%
No matching quizzes found
Score Distribution
Percent of People with Each Score
Percentile by Number Answered
Your Score History
You have not taken this quiz since the last reset